Normal view
MARC view
Entry Personal Name
001 - CONTROL NUMBER
- control field: 538346
003 - CONTROL NUMBER IDENTIFIER
- control field: OSt
005 - DATE AND TIME OF LATEST TRANSACTION
- control field: 20220930080225.0
008 - FIXED-LENGTH DATA ELEMENTS
- fixed length control field: 220930|| aca||aabn | a|a d
040 ## - CATALOGING SOURCE
- Original cataloging agency: OSt
- Transcribing agency: OSt
100 ## - HEADING--PERSONAL NAME
- Personal name: Neetu Kumari
670 ## - SOURCE DATA FOUND
- Source citation: Work cat.: (OSt)869481: Neetu Kumari, Etiology of acute lower respiratory tract infection in hospitalized children between 2 months to 5 years, 2006
